| 000 | 00608cam a2200181 4500 | ||
|---|---|---|---|
| 001 | WS108239 | ||
| 008 | 000000n 000 0 eng u | ||
| 035 | _a(Sirsi) u108239 | ||
| 245 | _aBSE Inquiry | ||
| 520 | _aWeb pages for this government inquiry including its opening statements, transcripts of evidence, press releases, a history of BSE and a glossary and bibliography. | ||
| 650 | _aBSE | ||
| 650 | _aGLOSSARY | ||
| 650 | _aPUBLIC INQUIRY | ||
| 650 | _aGOVERNMENT | ||
| 690 |
_aRural _96268 |
||
| 856 | 4 | 0 |
_uhttps://www.bse.org.uk _zView the website free of charge at www.bse.org.uk... |
| 942 | _n0 | ||
| 999 |
_c119642 _d119642 |
||